00733cam a2200205Ma 450000500170000000800410001702000150005802000180007304000450009104100080013610000160014424500670016026000490022730000240027649000420030050400530034265000410039565000410043665000500047720150203150946.0150203s2013 enk fr 001 0 eng d a1849460086 a9781849460088 aCO-BoUCMcJose A. GerenadJose A. Gerena0 aeng1 aMoore, Marc10aCorporate governance in the shadow of the statecMarc T. Moore aOxford (Oxfordshire, Inglaterra)bHartc2013 axxii, 314 páginas1 aContemporary studies in corporate law aIncluye referencias bibliográficas e índices 7aGobierno corporativo xLegislación 7aCompañías xAspectos jurídicos 7aSociedades comerciales xAspectos jurídicos